000 00368nam a22001337a 4500
020 _qPB.
040 _cFizza Ishaq
082 _a577
_bSTU
100 _aKauffman, Stuart.
_9133596
245 _aAt Home In The Universe /
_cStuart Kauffman.
260 _aNew York :
_bOxford University Press,
_c1995.
300 _a321 p. ;
_c6.68 x 0.88 x 9.26 inches
942 _2ddc
_cBK
999 _c616543
_d616543